Normal view MARC view

Entry Topical Term

Number of records used in: 1

001 - CONTROL NUMBER

  • control field: 1115523

003 - CONTROL NUMBER IDENTIFIER

  • control field: OSt

005 - DATE AND TIME OF LATEST TRANSACTION

  • control field: 20260212170915.0

008 - FIXED-LENGTH DATA ELEMENTS

  • fixed length control field: 260212|| aca||aabn | a|a d

040 ## - CATALOGING SOURCE

  • Original cataloging agency: OSt
  • Transcribing agency: OSt

150 ## - HEADING--TOPICAL TERM

  • Topical term or geographic name entry element: हिन्दी नाटक

670 ## - SOURCE DATA FOUND

  • Source citation: Work cat.: (OSt)1679499: चातक, गोविन्द 1115522, आधुनिक हिन्दी नाटक का अग्रदूत मोहन राकेश , 2003.
Copyright @ Delhi University Library System